Las esculturas del Cerro de los Santos (Record no. 171911)
[ view plain ]
| 000 -LEADER | |
|---|---|
| campo de control de longitud fija | 00843nam a2200193 i 4500 |
| 001 - NÚMERO DE CONTROL | |
| campo de control | 171911 |
| 003 - IDENTIFICADOR DE NÚMERO DE CONTROL | |
| campo de control | ES-MaACL |
| 005 - FECHA Y HORA DE LA ÚLTIMA TRANSACCIÓN | |
| campo de control | 20230906214750.0 |
| 008 - DATOS DE LONGITUD FIJA--INFORMACIÓN GENERAL | |
| campo de control de longitud fija | 090608s1906 sp f |||| | spa d |
| 100 1# - ENTRADA PRINCIPAL--NOMBRE DE PERSONA | |
| Nombre de persona | Mélida y Alinari, José Ramón, |
| Fechas asociadas al nombre | 1856-1933 |
| 9 (RLIN) | 79969 |
| 245 14 - MENCIÓN DEL TÍTULO | |
| Título | Las esculturas del Cerro de los Santos |
| Resto del título | : cuestión de autenticidad / |
| Mención de responsabilidad, etc. | por José Ramón Mélida. |
| 260 ## - PUBLICACIÓN, DISTRIBUCIÓN, ETC. | |
| Lugar de publicación, distribución, etc. | Madrid : |
| Nombre del editor, distribuidor, etc. | [s.n.], |
| Fecha de publicación, distribución, etc. | 1906 ( |
| Fabricante | Tip. de la Revista de archivos, bibliotecas y museos) |
| 300 ## - DESCRIPCIÓN FÍSICA | |
| Extensión | 112 p., 10 lám. ; |
| Dimensiones | 25 cm. |
| 595 ## - | |
| -- | Tirada aparte de: Revista de archivos, bibliotecas y museos. |
| 650 14 - PUNTO DE ACCESO ADICIONAL DE MATERIA--TÉRMINO DE MATERIA | |
| Término de materia o nombre geográfico como elemento de entrada | Escultura ibérica- |
| Subdivisión geográfica | Cerro de los Santos (Albacete, Yacimiento) |
| 9 (RLIN) | 140538 |
| 650 #4 - PUNTO DE ACCESO ADICIONAL DE MATERIA--TÉRMINO DE MATERIA | |
| Término de materia o nombre geográfico como elemento de entrada | Escultura- |
| Subdivisión general | Falsificaciones- |
| Subdivisión geográfica | España. |
| 9 (RLIN) | 140539 |
| 852 ## - LOCALIZACIÓN | |
| Ubicación | ES-MaACL |
| Número de control de estantería | T-1072-F-3 |
| Nota libre | .- Dedicatoria autógrafa del autor |
| Estatus retirado | Estado de pérdida | Estado de daño | No para préstamo | Colección | Biblioteca de origen | Biblioteca actual | Ubicación en estantería | Fecha de adquisición | Fuente de adquisición | Total de préstamos | Signatura topográfica completa | Código de barras | Visto por última vez | Precio de reemplazo | Tipo de ítem Koha |
|---|---|---|---|---|---|---|---|---|---|---|---|---|---|---|---|
| Colección de folletos | Biblioteca del Ateneo de Madrid | Biblioteca del Ateneo de Madrid | Depósito folletos | 08/06/2009 | T-1072-F-3 | 1180415 | 23/02/2023 | 23/02/2023 | Folleto |
